The ecology of natural resources / (Record no. 15611)

000 -LEADER
fixed length control field 00435cam a2200169 i 4500
020 ## - INTERNATIONAL STANDARD BOOK NUMBER
ISBN 0470791942
040 ## - CATALOGING SOURCE
Transcribing agency DLC
082 00 - DEWEY DECIMAL CLASSIFICATION NUMBER
Classification number 301 HAL 1974 A087 Or.
100 1# - MAIN ENTRY--AUTHOR NAME
Personal name Simmons, I. G.
245 14 - TITLE STATEMENT
Title The ecology of natural resources /
260 ## - PUBLICATION, DISTRIBUTION, ETC. (IMPRINT)
Place of publication New York :
Name of publisher Halsted Press,
Year of publication 1974.
300 ## - PHYSICAL DESCRIPTION
Number of Pages vii, 424 p. :
Other physical details ill. ;
Dimensions 24 cm.
500 ## - GENERAL NOTE
General note Includes index.
650 #0 - SUBJECT ADDED ENTRY--TOPICAL TERM
Topical Term Human ecology.
650 #0 - SUBJECT ADDED ENTRY--TOPICAL TERM
Topical Term Natural resources.
942 ## - ADDED ENTRY ELEMENTS (KOHA)
Koha item type សៀវភៅភាសាអង់គ្លេស
952 ## - LOCATION AND ITEM INFORMATION (KOHA)
Withdrawn status [LOCAL, KOHA] 0
Holdings
Permanent Location Date acquired Koha item type Lost status Shelving location Barcode Current Location Full call number
Library Block A2017-12-04សៀវភៅភាសាអង់គ្លេស A087A14787Library Block A301 HAL 1974 A078 Or.
មជ្ឈមណ្ឌលឯការនៃសាកលវិទ្យាល័យភូមិន្ទកសិកម្មចំការដូង

Powered by Koha